|
|
|
|
| LEADER |
00000nam2a2200000 4500 |
| 001 |
70971 |
| 005 |
20231101212542.0 |
| 010 |
|
|
|a 5790519520
|
| 035 |
|
|
|a (RuTPU)RU\TPU\book\75543
|
| 090 |
|
|
|a 70971
|
| 100 |
|
|
|a 20041203d2004 km y0rusy50 ca
|
| 101 |
1 |
|
|a rus
|c eng
|
| 102 |
|
|
|a RU
|
| 105 |
|
|
|a a z 000zy
|
| 200 |
0 |
|
|a Т. 2
|
| 215 |
|
|
|a 494 с.
|c ил.
|
| 461 |
|
1 |
|0 (RuTPU)RU\TPU\book\76248
|y 5-7905-1950-4
|t Политические системы мира
|o в 2 т.
|o пер. с англ.
|f Дж. Д. Дербишайр, Я. Дербишайр
|v Т. 2
|d 2004
|
| 606 |
1 |
|
|a Политические системы
|x Теория
|2 stltpush
|3 (RuTPU)RU\TPU\subj\50480
|9 69154
|
| 610 |
1 |
|
|a политика
|
| 610 |
1 |
|
|a политология
|
| 610 |
1 |
|
|a страны мира
|
| 610 |
1 |
|
|a политические партии
|
| 610 |
1 |
|
|a Африка
|
| 610 |
1 |
|
|a Ближний Восток
|
| 610 |
1 |
|
|a Океания
|
| 610 |
1 |
|
|a колониальные системы
|
| 610 |
1 |
|
|a деколонизация
|
| 610 |
1 |
|
|a международное сотрудничество
|
| 610 |
1 |
|
|a ООН
|
| 610 |
1 |
|
|a глобальное сотрудничество
|
| 610 |
1 |
|
|a движение неприсоединения
|
| 610 |
1 |
|
|a межрегиональное сотрудничество
|
| 610 |
1 |
|
|a военное сотрудничество
|
| 686 |
|
|
|a Ф011.6
|v LBC/SL-A
|2 rubbk
|
| 686 |
|
|
|a Ф2(0)
|v LBC/SL-A
|2 rubbk
|
| 801 |
|
1 |
|a RU
|b 63413507
|c 20041203
|g PSBO
|
| 801 |
|
2 |
|a RU
|b 63413507
|c 20130717
|g PSBO
|
| 900 |
|
|
|a Современные международные отношения
|
| 942 |
|
|
|c BK
|